ბათუმის შოთა რუსთაველის სახელმწიფო უნივერსიტეტის ბიბლიოთეკა

მთავარი (ბიბ.ჩანაწერი № 51374)

000 -LEADER
fixed length control field 00656nam a2200229Ia 4500
001 - CONTROL NUMBER
control field 18357
003 - CONTROL NUMBER IDENTIFIER
control field GE_BSU
008 - FIXED-LENGTH DATA ELEMENTS--GENERAL INFORMATION
fixed length control field 181216s||||||||xx |||||||||||||| ||und||
040 ## - CATALOGING SOURCE
Transcribing agency GE_BSU
080 ## - UNIVERSAL DECIMAL CLASSIFICATION NUMBER
Universal Decimal Classification number 321
100 ## - MAIN ENTRY--PERSONAL NAME
Personal name მაკიაველი,ნიკოლო
245 ## - TITLE STATEMENT
Title მთავარი
260 ## - PUBLICATION, DISTRIBUTION, ETC.
Place of publication, distribution, etc. ?
260 ## - PUBLICATION, DISTRIBUTION, ETC.
Name of publisher, distributor, etc. ?
260 ## - PUBLICATION, DISTRIBUTION, ETC.
Date of publication, distribution, etc. ?
300 ## - PHYSICAL DESCRIPTION
Extent 212გვ. ; 19სმ
653 ## - INDEX TERM--UNCONTROLLED
Uncontrolled term მთავარი
653 ## - INDEX TERM--UNCONTROLLED
Uncontrolled term სახელმწიფო ხელისუფლება
653 ## - INDEX TERM--UNCONTROLLED
Uncontrolled term სახელმწიფო; სახელმწიფო მმართველობა;
942 ## - ADDED ENTRY ELEMENTS (KOHA)
Koha item type წიგნი
ეგზემპლარები
Withdrawn status Lost status Damaged status Not for loan Date acquired Barcode Date last seen Price effective from Koha item type
        2018-12-17 46969 2018-12-17 2018-12-17 წიგნი
        2018-12-17 46970 2018-12-17 2018-12-17 წიგნი